00435 2200169 4500001002100000008004100021035002000062245003700082100002000119260003300139300002700172020002200199084001400221082000800235650001000243990001200253INLIS000000000001426 Ind  a0010-0924000023 aNgaji Bareng UjecHaidar Musyafa aMusyafa, Haidar aSidoarjobMedia Cerdasc2019 a277 hlm.c14 x 20,5 cm a978-602-5507-10-6 a200 HAI n a200 aAgama a0750927